| 000 | 00682cam a2200277I 4500 | ||
|---|---|---|---|
| 999 |
_c7699 _d7699 |
||
| 001 | 7699 | ||
| 003 | BD-JhCC | ||
| 005 | 20220731134023.0 | ||
| 008 | 740820s1970 enk 000 0 eng d | ||
| 029 | 1 |
_aUKM _bb7029856 |
|
| 035 | _aocm00983440 | ||
| 035 | _a(BD-JhCC) | ||
| 035 | _a27637 | ||
| 040 |
_aICU _cICU _dUKM |
||
| 041 | _aeng | ||
| 082 | 0 | 4 |
_a378.1 _218 _bMAD 1970 |
| 090 |
_aLB1049 _b.M29 1970 |
||
| 100 | 1 | _aMaddox, Harry. | |
| 245 | 1 | 0 |
_aHow to study / _c Harry Maddox, |
| 250 | _a1st hardback ed. | ||
| 260 |
_a[Newton Abbot, Eng.] _bDavid & Charles _c[1970] |
||
| 300 |
_a240 p. : _c22 cm. |
||
| 650 | 0 | _aStudy skills. | |
| 942 |
_2ddc _cBK _019 |
||